书目信息 |
| 题名: |
汽车电路图识读入门到精通
|
|
| 作者: | 蔡永红 主编 | |
| 分册: | 基础篇 | |
| 出版信息: | 北京 化学工业出版社 2017.3 |
|
| 页数: | 156页 | |
| 开本: | 29cm | |
| 丛书名: | ||
| 单 册: | ||
| 中图分类: | U463.62 | |
| 科图分类: | ||
| 主题词: | 汽车--电路图--识图法 , 汽车 , 电路图 , 识图法 | |
| 电子资源: | ||
| ISBN: | 978-7-122-21253-5 | |
| 000 | 00957nam0 2200265 450 | |
| 001 | 0400003781 | |
| 005 | 20171022141212.0 | |
| 010 | @a978-7-122-21253-5@dCNY39.90 | |
| 100 | @a20141125d2017 em y0chiy50 ea | |
| 101 | 0 | @achi |
| 102 | @aCN@b110000 | |
| 105 | @aa z 000yy | |
| 106 | @ar | |
| 200 | 1 | @a汽车电路图识读入门到精通@9qi che dian lu tu shi du ru men dao jing tong@i基础篇@f蔡永红主编 |
| 210 | @a北京@c化学工业出版社@d2017.3 | |
| 215 | @a156页@c图@d29cm | |
| 330 | @a本书从最基本的电学知识讲起,主要介绍汽车电路识读的基本知识:汽车电路识读基础、汽车电路的特点及识读方法、各品牌车型电路的特点及识读方法、汽车电路常见故障及检测方法,以便让没有电学基础的初学者能快速入门,掌握汽车电路识读的基本方法。 | |
| 606 | 0 | @a汽车@x电路图@x识图法 |
| 606 | 0 | @a汽车 |
| 606 | 0 | @a电路图 |
| 606 | 0 | @a识图法 |
| 690 | @aU463.62@v5 | |
| 701 | 0 | @a蔡永红@9cai yong hong@4主编 |
| 801 | 0 | @aCN@b91MARC@c20171022 |
| 905 | @b1034301-5@dU463.62@f5@e584 | |
| 汽车电路图识读入门到精通.基础篇/蔡永红主编.-北京:化学工业出版社,2017.3 |
| 156页:图;29cm |
| ISBN 978-7-122-21253-5:CNY39.90 |
| 本书从最基本的电学知识讲起,主要介绍汽车电路识读的基本知识:汽车电路识读基础、汽车电路的特点及识读方法、各品牌车型电路的特点及识读方法、汽车电路常见故障及检测方法,以便让没有电学基础的初学者能快速入门,掌握汽车电路识读的基本方法。 |
| ● |
| 相关链接 |
|
|
|
|
正题名:汽车电路图识读入门到精通
索取号:U463.62/584
 
预约/预借
| 序号 | 登录号 | 条形码 | 馆藏地/架位号 | 状态 | 备注 |
| 1 | 1034301 | 210343010 | 第二样本阅览室/ [索取号:U463.62/584] | 在馆 | |
| 2 | 1034302 | 210343029 | 密集书库-物理学院/ [索取号:U463.62/584] | 在馆 | |
| 3 | 1034303 | 210343038 | 第三借阅区/ [索取号:U463.62/584] | 在馆 | |
| 4 | 1034304 | 210343047 | 第三借阅区/ [索取号:U463.62/584] | 在馆 | |
| 5 | 1034305 | 210343056 | 第三借阅区/ [索取号:U463.62/584] | 在馆 |